Statistics for Flipped Country Shapes (Random)

Click here to take the quiz!

General Stats

  • This quiz has been taken 194 times
  • The average score is 15 of 20

Answer Stats

Answer% Correct
Afghanistan
100%
Albania
100%
Angola
100%
Argentina
100%
Armenia
100%
Australia
100%
Austria
100%
Belgium
100%
Benin
100%
Botswana
100%
Brazil
100%
Canada
100%
Cape Verde
100%
Central African Republic
100%
Chile
100%
China
100%
Colombia
100%
Croatia
100%
Cyprus
100%
Czech Republic
100%
Denmark
100%
East Timor
100%
Ecuador
100%
Equatorial Guinea
100%
Eswatini
100%
Ethiopia
100%
Finland
100%
Greece
100%
Guinea-Bissau
100%
Indonesia
100%
Japan
100%
Jordan
100%
Kuwait
100%
Kyrgyzstan
100%
Laos
100%
Lesotho
100%
Libya
100%
Liechtenstein
100%
Madagascar
100%
Maldives
100%
Mali
100%
Malta
100%
Mauritania
100%
Mauritius
100%
Moldova
100%
Morocco
100%
Mozambique
100%
Namibia
100%
Nauru
100%
Nepal
100%
North Korea
100%
Norway
100%
Paraguay
100%
Philippines
100%
Portugal
100%
Russia
100%
Senegal
100%
Seychelles
100%
Slovakia
100%
Slovenia
100%
Somalia
100%
South Africa
100%
South Korea
100%
Spain
100%
Sri Lanka
100%
St. Vincent and the Grenadines
100%
Sweden
100%
Switzerland
100%
Taiwan
100%
Thailand
100%
Ukraine
100%
United Arab Emirates
100%
United Kingdom
100%
Uzbekistan
100%
Vatican City
100%
Yemen
100%
Zambia
100%
Myanmar
86%
Oman
86%
Cuba
83%
Ivory Coast
83%
Kiribati
83%
North Macedonia
83%
Togo
83%
Iran
80%
Israel
80%
Italy
80%
Kenya
80%
Malaysia
80%
Saint Kitts and Nevis
80%
Sudan
80%
Tajikistan
80%
Trinidad and Tobago
80%
Turkmenistan
80%
United States
80%
Serbia
78%
Algeria
75%
Antigua and Barbuda
75%
Azerbaijan
75%
Cameroon
75%
Djibouti
75%
Dominica
75%
France
75%
Ghana
75%
Guinea
75%
Iceland
75%
Latvia
75%
Monaco
75%
Mongolia
75%
Papua New Guinea
75%
Singapore
75%
Solomon Islands
75%
Suriname
75%
Turkey
75%
Venezuela
75%
Vietnam
75%
Zimbabwe
75%
Qatar
71%
Tonga
71%
Belize
67%
Burundi
67%
D.R. Congo
67%
F.S. Micronesia
67%
Georgia
67%
Germany
67%
Guyana
67%
Haiti
67%
Hungary
67%
India
67%
Jamaica
67%
Kosovo
67%
Luxembourg
67%
New Zealand
67%
Niger
67%
Palau
67%
Peru
67%
Romania
67%
Saudi Arabia
67%
Sierra Leone
67%
Tunisia
67%
Bahamas
60%
Barbados
60%
Bosnia and Herzegovina
60%
Eritrea
60%
Ireland
60%
Malawi
60%
Netherlands
60%
Panama
60%
Rep. of the Congo
60%
Bolivia
57%
Fiji
57%
Gabon
57%
Montenegro
57%
Andorra
50%
Belarus
50%
Bhutan
50%
Burkina Faso
50%
Cambodia
50%
Chad
50%
Egypt
50%
El Salvador
50%
Guatemala
50%
Honduras
50%
Iraq
50%
Liberia
50%
Marshall Islands
50%
Mexico
50%
Poland
50%
Samoa
50%
São Tomé and Príncipe
50%
South Sudan
50%
Syria
50%
Tanzania
50%
Tuvalu
50%
Uganda
50%
Vanuatu
50%
Lebanon
43%
Uruguay
43%
Bangladesh
33%
Brunei
33%
Bulgaria
33%
Grenada
33%
Lithuania
33%
Nicaragua
33%
Nigeria
33%
San Marino
33%
Costa Rica
25%
Estonia
25%
Bahrain
0%
Comoros
0%
Dominican Republic
0%
Gambia
0%
Kazakhstan
0%
Pakistan
0%
Rwanda
0%
Saint Lucia
0%

Score Distribution

Percentile by Number Answered

Percent of People with Each Score

Your Score History

You have not taken this quiz